Online
Catalog

Flora y fauna de la montaña / (Record no. 2225)

MARC details
000 -CABECERA
campo de control de longitud fija 00819cam a2200241 a 4500
001 - NÚMERO DE CONTROL
campo de control 000002385
005 - FECHA Y HORA DE LA ÚLTIMA TRANSACCIÓN
campo de control 20200929150206.0
008 - DATOS DE LONGITUD FIJA--INFORMACIÓN GENERAL
campo de control de longitud fija 830830s1964 sp a b 000 0 spa
040 ## - FUENTE DE LA CATALOGACIÓN
Centro catalogador/agencia de origen DO-SdBNP
Lengua de catalogación spa
Centro/agencia transcriptor BNPHU
041 17 - CÓDIGO DE LENGUA
Código de lengua del texto/banda sonora o título independiente spa
Código de lengua original fre
082 ## - NÚMERO DE LA CLASIFICACIÓN DECIMAL DEWEY
Número de clasificación nn.
Número de documento/Ítem G274f, 1964.
100 1# - ENTRADA PRINCIPAL--NOMBRE DE PERSONA
Nombre de persona Gaussen, Henri,
Fechas asociadas al nombre 1891-1981.
9 (RLIN) 7574
245 10 - MENCIÓN DE TÍTULO
Título Flora y fauna de la montaña /
Mención de responsabilidad, etc. Henri Gaussen y Paul Barruel ; traducción, Enrique Balcells Rocamora.
250 ## - MENCIÓN DE EDICIÓN
Mención de edición 2a ed.
260 ## - PUBLICACIÓN, DISTRIBUCIÓN, ETC.
Lugar de publicación, distribución, etc. Barcelona :
Nombre del editor, distribuidor, etc. Juventud,
Fecha de publicación, distribución, etc. 1964.
300 ## - DESCRIPCIÓN FÍSICA
Extensión 223 p. :
Otras características físicas il., maps. ;
Dimensiones 30 cm.
490 1# - MENCIÓN DE SERIE
Mención de serie Grandes libros de la naturaleza
534 ## - NOTA SOBRE LA VERSIÓN ORIGINAL
Encabezamiento principal del original Montagnes: la vie aux hautes altitudes.
650 #0 - PUNTO DE ACCESO ADICIONAL DE MATERIA--TÉRMINO DE MATERIA
Término de materia o nombre geográfico como elemento de entrada Mountain ecology.
9 (RLIN) 7575
700 1# - PUNTO DE ACCESO ADICIONAL--NOMBRE DE PERSONA
Nombre de persona Barruel, Paul.
9 (RLIN) 7576
700 1# - PUNTO DE ACCESO ADICIONAL--NOMBRE DE PERSONA
Nombre de persona Balcells, Enrique,
Término indicativo de función/relación tr.
9 (RLIN) 7577
830 #0 - PUNTO DE ACCESO ADICIONAL DE SERIE-TÍTULO UNIFORME
Título uniforme Grandes libros de la naturaleza
9 (RLIN) 7578
Holdings
Estado de retiro Estado de pérdida Restricciones de uso No para préstamo Código de colección Localización permanente Ubicación/localización actual Ubicación en estantería Fecha de adquisición Número de inventario Total de préstamos Signatura topográfica completa Código de barras Fecha visto por última vez Precio válido a partir de Tipo de ítem Koha
    Préstamo interno   Monografías: Libros y Folletos General General En catalogación 22.09.2009 LF1   nn. G274f, 1964. 2385-10 25.06.2020 25.06.2020 Préstamo interno

Powered by Koha